| 000 | 00758nam a2200265Ia 4500 | ||
|---|---|---|---|
| 003 | OSt | ||
| 005 | 20220927105308.0 | ||
| 006 | a|||||r|||| 00| 0 | ||
| 007 | ta | ||
| 008 | 220926b |||||||| |||| 00| 0 eng d | ||
| 020 | _a0761962069 | ||
| 024 | _a160001 | ||
| 037 | _cReference Collections | ||
| 040 |
_aRTL _cRTL _beng |
||
| 041 |
_2eng _aeng |
||
| 082 | _a"Y16:3(W), P0" | ||
| 100 |
_aPease Bob _9371465 |
||
| 245 | 0 |
_aRecreating men _b Postmodern mesculinity politics |
|
| 260 |
_aNew _bDelhi Sage Pubications India _c2000 |
||
| 300 |
_a"vii, 168p" _ccm. |
||
| 500 | _aBibliography P 148-161; Appendix P 143-147 | ||
| 650 |
_aMEN _9371466 |
||
| 942 |
_h"Y16:3(W), P0" _cCC |
||
| 999 |
_c691644 _d691644 |
||